Elopement (Record no. 732)

MARC details
000 -LEADER
campo de control de longitud fija 00933nam a22002417a 4500
008 - DATOS DE LONGITUD FIJA--INFORMACIÓN GENERAL
campo de control de longitud fija 150831b xxu||||| |||| 00| 0 eng d
082 ## - NÚMERO DE LA CLASIFICACIÓN DECIMAL DEWEY
Número de clasificación 708
Número de ítem G144e
100 ## - ENTRADA PRINCIPAL--NOMBRE DE PERSONA
Nombre de persona Siderius, Josine [editora]
9 (RLIN) 3488
245 ## - MENCIÓN DEL TÍTULO
Título Elopement
Resto del título A lovable exchange between HMK and lad
Mención de responsabilidad, etc. Josine Siderius [editora]; Ericka Florez [editora]; Wouter Sibum [editor]; Irene Craen [editora]
260 ## - PUBLICACIÓN, DISTRIBUCIÓN, ETC.
Lugar de publicación, distribución, etc. Cali
Nombre del editor, distribuidor, etc. Hoorn
Fecha de publicación, distribución, etc. 2014
300 ## - DESCRIPCIÓN FÍSICA
Extensión 65 p.
Otras características físicas ill. (col.)
Dimensiones 20 cm
650 ## - PUNTO DE ACCESO ADICIONAL DE MATERIA--TÉRMINO DE MATERIA
Término de materia o nombre geográfico como elemento de entrada Arte contemporáneo
Subdivisión geográfica Colombia
9 (RLIN) 3489
650 ## - PUNTO DE ACCESO ADICIONAL DE MATERIA--TÉRMINO DE MATERIA
Término de materia o nombre geográfico como elemento de entrada Arte
Subdivisión geográfica Colombia
9 (RLIN) 3490
650 ## - PUNTO DE ACCESO ADICIONAL DE MATERIA--TÉRMINO DE MATERIA
Término de materia o nombre geográfico como elemento de entrada Exhibiciones
Subdivisión geográfica Cali, Colombia
9 (RLIN) 3491
650 ## - PUNTO DE ACCESO ADICIONAL DE MATERIA--TÉRMINO DE MATERIA
Término de materia o nombre geográfico como elemento de entrada Exhibiciones
Subdivisión geográfica Holanda
9 (RLIN) 3492
700 ## - ENTRADA AGREGADA--NOMBRE PERSONAL
Nombre de persona Boer, Maze de
9 (RLIN) 3493
700 ## - ENTRADA AGREGADA--NOMBRE PERSONAL
Nombre de persona Gaitán, Adrián
9 (RLIN) 3494
700 ## - ENTRADA AGREGADA--NOMBRE PERSONAL
Nombre de persona Munster, Leonardo van
9 (RLIN) 3495
700 ## - ENTRADA AGREGADA--NOMBRE PERSONAL
Nombre de persona Ramírez, Juan Sebastián
9 (RLIN) 3496
700 ## - ENTRADA AGREGADA--NOMBRE PERSONAL
Nombre de persona Sibum, Wouter [editor y texto]
9 (RLIN) 3497
700 ## - ENTRADA AGREGADA--NOMBRE PERSONAL
Nombre de persona Craen, Irene [editora]
9 (RLIN) 3498
700 ## - ENTRADA AGREGADA--NOMBRE PERSONAL
Nombre de persona Florez, Ericka [editora y texto]
9 (RLIN) 3499
Holdings
Estatus retirado Estado de pérdida Fuente del sistema de clasificación o colocación Estado de daño No para préstamo Biblioteca de origen Biblioteca actual Ubicación en estantería Fecha de adquisición Total de préstamos Signatura topográfica completa Código de barras Visto por última vez Precio de reemplazo Tipo de ítem Koha
    Clasificación Decimal Dewey     Biblioteca LadoV Biblioteca LadoV   31/08/2015   708 G144e 004062 31/08/2015 31/08/2015 Material 01